Normal view
MARC view
Entry Término temático
001 - NÚMERO DE CONTROL
- campo de control: 138649
003 - IDENTIFICADOR DEL NÚMERO DE CONTROL
- campo de control: OSt
005 - FECHA Y HORA DE LA ÚLTIMA TRANSACCIÓN
- campo de control: 20220127155858.0
008 - DATOS DE LONGITUD FIJA
- campo de control de longitud fija: 220127|| aca||aabn | a|a d
040 ## - FUENTE DE LA CATALOGACIÓN
- Centro catalogador/agencia de origen: OSt
- Centro/agencia transcriptor: OSt
150 ## - ENCABEZAMIENTO--TÉRMINO DE MATERIA
- Término de materia o nombre geográfico como elemento de entrada: Alimentos y alimentación del ganado I. Razo González, José Jesús
670 ## - FUENTE DE DATOS ENCONTRADOS
- Cita de la fuente: Work cat.: (OSt)164562: Orozco Ruiz, David 83699, Efecto del híbrido comercial, y programa de alimentación en la manifestación del síndrome ascítico en pollos de engorda II. Tiempos de acceso al alimento /, 1992
